000 00428nam a22001457a 4500
005 20250509082031.0
008 250509b |||||||| |||| 00| 0 eng d
082 _222
_a894
_bORU
100 _aJayakumaran, Thamilini
245 _aOru Koorvaalin Nilalil
_bA memoir
260 _aKilinochchi
_bSivakami Foundation
300 _a268 p .,
500 _aOru Koorvaalin Nilalil ( Sri lankan Edition) - Ninaivukk kurippukal
942 _cL
999 _c6046
_d6046